000 00323nam a2200133Ia 4500
005 20260328104318.0
008 260328s9999||||xx |||||||||||||| ||und||
100 _ade Lauwe, Chombart
245 0 _aDes Hommes et Des villes /
_cChombart de Lauwe
260 _bPayot
300 _a249 p.
650 _aTEORÍA
942 _cBK
999 _c11223
_d11223